000 00269nam a2200121Ia 4500
005 20251222144809.0
008 251222s9999||||xx |||||||||||||| ||spa||
020 _a84-7739-893-3
082 _a610.734/C16
245 0 _aPrimeros Auxilios
264 _bFEC
942 _cLIB
999 _c20042
_d20042